[Event "Championnat de la Reunion 2019"]
[Site "Le TAMPON- BRAS PANON- SAINT-D"]
[Date "2019.06.08"]
[Round "5.1"]
[White "Testud, Philippe"]
[Black "Dijoux, Julien"]
[Result "0-1"]
[WhiteElo "2141"]
[BlackElo "1836"]
[PlyCount "68"]
[EventDate "2019.??.??"]

1. d4 Nf6 2. Nf3 g6 3. Nbd2 d5 4. e3 Bg7 5. b4 a5 6. b5 a4 7. Ba3 Nbd7 8. c4 c6
9. bxc6 bxc6 10. cxd5 cxd5 11. Bb5 Qa5 12. Bc6 Ra6 13. Rc1 Rxc6 14. Rxc6 Bb7
15. Rc2 Ba6 16. Qb1 O-O 17. Qb4 Qd8 18. Qxa4 Nb8 19. Ne5 Qb6 20. Bxe7 Ne4 21.
Bxf8 Bxf8 22. a3 f6 23. Nd7 Nxd7 24. Qxd7 Qa5 25. f3 Nxd2 26. Rxd2 Bxa3 27. e4
Bc4 28. exd5 Qc3 29. Qe6+ Kg7 30. Qe4 Bb4 31. Kf2 Qxd2+ 32. Kg3 Bd6+ 33. Kh3
Bxd5 34. Qg4 Be6 0-1

[Event "Championnat de la Reunion 2019"]
[Site "Le TAMPON- BRAS PANON- SAINT-D"]
[Date "2019.06.08"]
[Round "5.3"]
[White "Lorans, Sylvain"]
[Black "Quere, Alexandre"]
[Result "0-1"]
[WhiteElo "2147"]
[BlackElo "2068"]
[PlyCount "56"]
[EventDate "2019.??.??"]

1. d4 Nf6 2. c4 g6 3. Nc3 Bg7 4. e4 d6 5. Nge2 O-O 6. Ng3 c6 7. Be2 a6 8. O-O
b5 9. f3 Nbd7 10. Kh1 h5 11. Re1 e5 12. d5 cxd5 13. cxd5 h4 14. Nf1 b4 15. Na4
Nh5 16. Ne3 Nb6 17. Nxb6 Qxb6 18. Nc4 Qd8 19. Be3 Rb8 20. Qd2 f5 21. f4 Nf6 22.
exf5 h3 23. fxe5 dxe5 24. Nxe5 hxg2+ 25. Kg1 Ne4 26. Qc2 Bxf5 27. Bd3 Bxe5 28.
Qxg2 Qh4 0-1

[Event "Championnat de la Reunion 2019"]
[Site "Le TAMPON- BRAS PANON- SAINT-D"]
[Date "2019.06.10"]
[Round "6.1"]
[White "Dijoux, Julien"]
[Black "Denoyelle, Arnaud"]
[Result "1/2-1/2"]
[WhiteElo "1836"]
[BlackElo "2235"]
[PlyCount "93"]
[EventDate "2019.??.??"]

1. d4 Nf6 2. g3 d5 3. Nf3 c6 4. Bg2 Bf5 5. c4 e6 6. O-O Nbd7 7. b3 Bd6 8. Bb2
O-O 9. Nbd2 Ne4 10. Nh4 Nxd2 11. Nxf5 Nxf1 12. Nxd6 Qc7 13. c5 Ne3 14. fxe3 f5
15. e4 dxe4 16. Qd2 Nf6 17. Qf4 Qe7 18. Rf1 h6 19. Nc4 Rad8 20. Ne5 g5 21. Qc1
Qh7 22. e3 h5 23. Qe1 Nd5 24. h3 Rde8 25. Qe2 Re7 26. Qe1 Rg7 27. Bc1 Qh6 28.
Bd2 Rh7 29. Qe2 Nf6 30. Qc4 Nd5 31. Qe2 Rg7 32. b4 a6 33. a3 Qh7 34. Kh2 Kh8
35. Bxe4 Nf6 36. Bg2 Qh6 37. Kg1 Qh7 38. Qd3 Rd8 39. Qc4 Nd5 40. Qd3 Nf6 41.
Qc4 Re7 42. Qe2 Rg8 43. Qd3 Rd8 44. Qe2 Rg7 45. Qc4 Re8 46. Qd3 Rd8 47. Qc4
1/2-1/2

[Event "Championnat de la Reunion 2019"]
[Site "Le TAMPON- BRAS PANON- SAINT-D"]
[Date "2019.06.10"]
[Round "6.2"]
[White "Evrin, Selvam"]
[Black "Testud, Philippe"]
[Result "0-1"]
[WhiteElo "1766"]
[BlackElo "2141"]
[PlyCount "64"]
[EventDate "2019.??.??"]

1. e4 c6 2. d4 d5 3. e5 Bf5 4. Nc3 e6 5. g4 Bg6 6. Nge2 c5 7. h4 h5 8. Nf4 Bh7
9. Nxh5 Nc6 10. Bb5 Qc7 11. Be3 Nge7 12. f4 O-O-O 13. Qd2 a6 14. Bxc6 Nxc6 15.
f5 cxd4 16. Bxd4 Bxf5 17. gxf5 Rxh5 18. fxe6 Nxd4 19. Qxd4 Bc5 20. Qg4 Rxe5+
21. Ne2 fxe6 22. O-O-O Re4 23. Qg2 Qe5 24. Nc3 Be3+ 25. Kb1 Rb4 26. a3 Rb6 27.
Na4 Rc6 28. Nc3 Kb8 29. Rhe1 d4 30. Rd3 Rdc8 31. Re2 Rxc3 32. Rdxe3 dxe3 0-1

[Event "Championnat de la Reunion 2019"]
[Site "Le TAMPON- BRAS PANON- SAINT-D"]
[Date "2019.06.10"]
[Round "6.4"]
[White "Hoareau, Hugues"]
[Black "Lorans, Sylvain"]
[Result "1/2-1/2"]
[WhiteElo "1947"]
[BlackElo "2147"]
[PlyCount "58"]
[EventDate "2019.??.??"]

1. d4 Nf6 2. g3 d5 3. Bg2 c6 4. Nf3 Bf5 5. O-O Qc8 6. a4 Bh3 7. b3 Bxg2 8. Kxg2
e6 9. c4 a5 10. Na3 Ne4 11. Bb2 Nd7 12. Nd2 Nxd2 13. Qxd2 Nf6 14. f3 h5 15. h4
Bd6 16. Nc2 Rh6 17. Rg1 Rg6 18. Kh2 Qb8 19. Qe1 b5 20. c5 Bc7 21. axb5 Qxb5 22.
Ra3 Ng8 23. Rg2 Ne7 24. Ne3 Qb8 25. Bc3 f5 26. Bxa5 Bxa5 27. Rxa5 Rxa5 28. Qxa5
Qxb3 29. Qd2 Kf7 1/2-1/2

[Event "Championnat de la Reunion 2019"]
[Site "Le TAMPON- BRAS PANON- SAINT-D"]
[Date "2019.06.08"]
[Round "6.5"]
[White "Rebut, Paul"]
[Black "Triton, Maxime"]
[Result "1-0"]
[WhiteElo "1789"]
[BlackElo "1795"]
[PlyCount "95"]
[EventDate "2019.??.??"]

1. e4 c5 2. Nf3 e6 3. d4 cxd4 4. Nxd4 Nc6 5. Nc3 Qc7 6. Ndb5 Qb8 7. Be3 a6 8.
Bb6 axb5 9. Nxb5 Bb4+ 10. c3 Ba5 11. Nc7+ Qxc7 12. Bxc7 Bxc7 13. Qg4 g6 14. Bb5
Nge7 15. a4 O-O 16. O-O d5 17. exd5 exd5 18. Qg5 Be6 19. b4 Bd6 20. Rfb1 Rfc8
21. a5 Ne5 22. Qd2 Nc4 23. Bxc4 Rxc4 24. b5 Be5 25. Ra3 Bf5 26. Re1 Bd6 27.
Raa1 Rc5 28. Qg5 Rc7 29. a6 bxa6 30. Rxa6 Rxa6 31. bxa6 Ra7 32. g4 Bc8 33. Qf6
Rxa6 34. Kg2 Bc5 35. Qf4 Bd6 36. Qf6 Bc5 37. Qf4 Bd6 38. Qg5 Be6 39. h4 Ra4 40.
f3 Ra2+ 41. Kg1 Kg7 42. h5 h6 43. Qe3 g5 44. Qd4+ Kh7 45. Qf6 Ra4 46. Rxe6 fxe6
47. Qf7+ Kh8 48. Qe8+ 1-0

[Event "Championnat de la Reunion 2019"]
[Site "Le TAMPON- BRAS PANON- SAINT-D"]
[Date "2019.06.10"]
[Round "6.6"]
[White "De Peindray D'Ambell, Philippe"]
[Black "Mezouaghi, Miloud"]
[Result "0-1"]
[WhiteElo "1772"]
[BlackElo "2000"]
[PlyCount "47"]
[EventDate "2019.??.??"]

1. e4 c5 2. Nc3 Nc6 3. f4 g6 4. Nf3 Bg7 5. Bb5 Nd4 6. O-O e6 7. e5 a6 8. Bd3 d5
9. Nxd4 cxd4 10. Ne2 Ne7 11. b3 f6 12. exf6 Bxf6 13. Bb2 Nc6 14. Kh1 O-O 15.
Qe1 Qe7 16. a4 Qg7 17. Ng1 Qh6 18. Qe2 Bd7 19. Ba3 Be7 20. Bxe7 Nxe7 21. g3 Nc6
22. Nf3 Qg7 23. Rae1 h6 24. Qg2 0-1